Fiestas de Nuestra Señora de Montserrat / Hogar Catalán de la Rioja
Descripción Física:
3 díptics ; 16 cm
MARC
| LEADER | 00000nam a2200000Ia 4500 | ||
|---|---|---|---|
| 001 | 19570, 19571, 19572 | ||
| 008 | 160829s1960 - xx 000 0 cat d | ||
| 080 | |a FU-8-46, FU-8-47, FU-8-48 | ||
| 100 | |a Hogar Catalán de la Rioja |9 47337 | ||
| 245 | |a Fiestas de Nuestra Señora de Montserrat / Hogar Catalán de la Rioja | ||
| 260 | |a Logroño : |b [s.n.], |c 1960 - | ||
| 300 | |a 3 díptics ; |c 16 cm | ||
| 590 | |a Prové de R-712. | ||
| 590 | |a És el programa d'actes | ||
| 650 | |a Montserrat, Mare de Déu de |9 31208 | ||
| 650 | 0 | |a Festivitats religioses |x Catalunya |9 33512 | |
| 866 | |a 1960, 1961, 1962 | ||
| 901 | |a Arxiu | ||
| 942 | |n 1 | ||
| 952 | |0 0 |1 0 |4 0 |6 FU846_FU847_FU848 |7 1 |9 53820 |a Arxiu |b Arxiu |d 2016-12-01 |l 0 |o FU-8-46, FU-8-47, FU-8-48 |p 19570, 19571, 19572 |r 2016-12-01 00:00:00 |w 2016-12-01 |y ARXIU | ||
| 999 | |c 57686 |d 57686 | ||